El derecho constitucional presupuestario en el derecho comparado. Tomo I /
Guardado en:
| Autor Principal: | |
|---|---|
| Otros Autores: | , |
| Formato: | Libro |
| Idioma: | Spanish |
| Publicado: |
Buenos Aires :
Abeledo Perrot,
2010
|
| Materias: | |
| Etiquetas: |
Agregar Etiqueta
Sin Etiquetas, Sea el primero en etiquetar este registro!
|
| LEADER | 00571nam a22001575a 4500 | ||
|---|---|---|---|
| 001 | DER.der015630 | ||
| 008 | 251229s2010####ag#||||||||||||||#||spa|| | ||
| 005 | 20251229161732.0 | ||
| 245 | 1 | 0 | |a El derecho constitucional presupuestario en el derecho comparado. |n Tomo I / |c Horacio Guillermo Corti , Mercedes Casás, Victoria Alvarez. |
| 260 | |a Buenos Aires : |b Abeledo Perrot, |c 2010 | ||
| 300 | |a 731 p. | ||
| 100 | 1 | |a Corti, Horacio Guillermo | |
| 700 | 1 | |a Casás, Mercedes | |
| 700 | 1 | |a Alvarez, Victoria | |
| 653 | |a DERECHO CONSTITUCIONAL | ||
| 859 | |a DERECHO |b BIB. DERECHO |h 342.02 |i COR |p 007072 | ||
